| 000 | 01147nam a2200241 a 4500 | ||
|---|---|---|---|
| 001 | 85654 | ||
| 003 | BD-RjUL | ||
| 005 | 20250907130343.0 | ||
| 008 | 250907s2025 bg ||||| |||| 00| 0 bg d | ||
| 020 |
_a97898454000077 : _cTk.200.00 |
||
| 035 | _a(BD-RjUL)85654 | ||
| 040 |
_aBD-RjUL _beng _cBD-RjUL |
||
| 041 | _aben | ||
| 082 |
_223 _a954.031 _bSIA 2025 |
||
| 100 |
_aসিদ্দিকী, মাহবুব _911722 |
||
| 245 |
_aআঠারো শতকের ব্রিটিশ বাংলা কোম্পানির গর্ভনর ও গর্ভনর-জেনারেলদের শাসন / _cমাহবুব সিদ্দিকী |
||
| 300 |
_a৮০ পৃ.: _bচিত্রসমূহ; _c২২ সেমি. |
||
| 650 |
_aব্রিটিশ ইস্ট ইন্ডিয়া কোম্পানির শাসনব্যবস্থা _y(১৮শ শতক) _916797 |
||
| 650 |
_aBritish East India Company rule _y(18th century) _916798 |
||
| 651 |
_aভারত _xইতিহাস _y(১৮শ শতক) _916799 |
||
| 651 |
_aIndia _xHistory _y18th century _99148 |
||
| 942 |
_2ddc _cBK |
||
| 999 |
_c85654 _d85654 |
||